000 00555nam a2200217Ia 4500
003 OSt
005 20220928104628.0
006 a|||||r|||| 00| 0
007 ta
008 220927b |||||||| |||| 00| 0 eng d
024 _a60997
037 _cTextual
040 _aSDCL
_cSDCL
_beng
041 _2eng
_aeng
082 _aTsn2,N, L7.1
245 0 _aEDUCATION IN India.
260 _aNew Delhi
_bMinstry of Education and Social Welfare
_c1976
300 _a295p.
_ccm.
942 _hTsn2,N, L7.1
_cTEXL
_2CC
999 _c727076
_d727076